000 00650cam a22002411 4500
001 sa 68018391
003 DLC
005 20260227112711.0
008 940711s1968 ii b 000 0 telo
010 _asa 68018391
025 _aPL480:I-Te-1847
035 _a(OCoLC)30748214
040 _aDLC
_cCU
_dCU
_dDLC
042 _apremarc
050 0 0 _aDS479.1.L27
_bV45
100 2 _aVenkata Subbayya, Gorrepati,
_d1898-
245 1 0 _aPañjābu kēsari Lālā Lajapatirāy.
260 _c[1968]
300 _aiv, ii, 18-209, v p.
_c23 cm.
500 _aIn Telugu.
504 _aBibliography: p.[iii]-v.
600 2 0 _aLajpat Rai, Lala,
_d1865-1928.
999 _c88376
_d88376